000 02089cam a2200565 4500
003 PE-LiUPU
005 20250731180146.0
020 _a8420010367
035 _a(Sirsi) i9788420010366
035 _a(Sirsi) 47320
035 _a(Sirsi) 47320
041 _aes
044 _aes
082 0 4 _a582.1
_bZ84
100 1 _aZomlefer, Wendy B.
245 _aGuía de las familias de plantas con flo :
_bguide to flowering plant families /
_cWendy B. Zomlefer ; traducción a cargo de Inés Alvarez Fernández, Leopoldo Medina Domingo, Luis Ramón-Laca Menéndez de Luarca.
264 1 _aZaragoza :
_bAcribia,
_c[2004]
300 _a441 páginas :
_bilustraciones ;
_c26 cm.
504 _aIncluye bibliografía e índice
505 0 _aIntroducción -- Alternativas de clasificación -- Elección de las familias y lista de familias. . Estudio de las familias. Tablas -- Ilustraciones y material vegetal -- Dicotiledóneas Y Monocotiledóneas: Un Ejemplo De Parafilia -- Observacio
526 _aSEG44
526 _aSEG26
526 _aP159
526 _aP155
526 _aP154
526 _aP153
526 _aP150
526 _aP100
526 _aP31
526 _aP30
526 _aP26
526 _aP25
526 _aP24
526 _aP22
526 _aP15
526 _aP10
650 1 4 _aPlantas con flores
650 1 4 _aPlantas ornamentales
650 1 4 _aDicotiledóneas
_xClasificación
700 1 _aAlvarez Fernández, Inés
_etr.
700 1 _aMedina Domingo, Leopoldo
_etr.
700 1 _aMenéndez de Luarca, Luis Ramón-Laca
_etr.
942 _2ddc
_cBOOK
949 _a582.1 Z84
_i64977
_lCCODEBUL1
_mBUL
_tLIBRO
_o.STAFF. Colección General
859 _q64977
_h582.1
_iZ84
910 _agl
_bjv
_c
_ngd20120413
596 _a1
999 _a582.1 Z84
_wDEWEY
_c53679
_i64977
_d53679
_e2017-4-23
_f2021-11-9
_g7
_lCCODEBUL1
_mBUL
_n1
_p139.00
_q1
_r0
_sY
_tBOOK
_u2015-7-6
_xINGENIERIA
_PP24
_0COMPRA
_o.STAFF. Colección General
980 _81
_gALBERTO SANCHEZ Responsable de Automatización